Типовые расчеты в курсе высшей математики. Ч. 4 (Запись № 7215629)

Подробности
000 -МАРКЕР
контрольное поле 01466nam2a22002531 4500
001 - ИДЕНТИФИКАТОР ЗАПИСИ
контрольное поле rc\114613
005 - ИДЕНТИФИКАТОР ВЕРСИИ
контрольное поле 20250620194707.0
010 ## - МЕЖДУНАРОДНЫЙ СТАНДАРТНЫЙ НОМЕР КНИГИ (ISBN)
Номер (ISBN) 5-696-00465-2
Тираж 200
035 ## - ДРУГИЕ СИСТЕМНЫЕ НОМЕРА
Идентификатор записи (NLR Aleph) 005394520
100 ## - ДАННЫЕ ОБЩЕЙ ОБРАБОТКИ
Данные общей обработки 20021216d1995 |||y0rusy50 ca
101 0# - ЯЗЫК РЕСУРСА
Язык текста, звукозаписи и т.д. русский
102 ## - СТРАНА ПУБЛИКАЦИИ ИЛИ ПРОИЗВОДСТВА
Страна публикации Российская Федерация
105 ## - ПОЛЕ КОДИРОВАННЫХ ДАННЫХ: ТЕКСТОВЫЕ МАТЕРИАЛЫ, МОНОГРАФИЧЕСКИЕ
Кодированные данные о монографическом текстовом документе a |||||||||
200 0# - ЗАГЛАВИЕ И СВЕДЕНИЯ ОБ ОТВЕТСТВЕННОСТИ
Основное заглавие Ч. 4
210 ## - ПУБЛИКАЦИЯ, РАСПРОСТРАНЕНИЕ И ДР.
Дата издания, распространения и т.д. 1995
Место издания, распространения и т.д. Б. м.
215 ## - ФИЗИЧЕСКАЯ ХАРАКТЕРИСТИКА
Специфическое обозначение материала и объем 35 с.
Другие сведения о физической характеристике ил.
320 ## - ПРИМЕЧАНИЯ О НАЛИЧИИ В ДОКУМЕНТЕ БИБЛИОГРАФИИ / УКАЗАТЕЛЯ
Текст примечания Библиогр.: с. 3
461 #0 - УРОВЕНЬ НАБОРА
Встроенное поле 001rc\114612
-- 2001#$aТиповые расчеты в курсе высшей математики$eУчеб. пособие$e[Для студентов дневного и веч. отд-ний]$fГос. ком. Рос. Федерации по высш. образованию. Челяб. гос. техн. ун-т. Златоуст. фил. Каф. высш. математики N3$vЧ. 4
-- 700#1$aТарасова$bО.Ю.
Системный номер (АБИС) связанной записи 7215621
Автор Тарасова, О.Ю.
Место публикации Челябинск
Дата публикации 1995-
Первые сведения об ответственности Гос. ком. Рос. Федерации по высш. образованию. Челяб. гос. техн. ун-т. Златоуст. фил. Каф. высш. математики N3
Имя издателя, распространителя и т.д. Изд-во ЧГТУ
Сведения, относящиеся к заглавию Учеб. пособие : [Для студентов дневного и веч. отд-ний]
Заглавие Типовые расчеты в курсе высшей математики
Номер тома Ч. 4
801 #0 - ИСТОЧНИК ЗАПИСИ
Страна Российская Федерация
Организация NLR
Правила каталогизации psbo
801 #1 - ИСТОЧНИК ЗАПИСИ
Страна Российская Федерация
Организация ELAR
Источник данных rusmarc
852 ## - МЕСТОНАХОЖДЕНИЕ И ШИФР ХРАНЕНИЯ
Идентификатор организации NLR
Шифр хранения (Call Number) 96-4/9069
942 ## - ДОПОЛНИТЕЛЬНЫЕ ЭЛЕМЕНТЫ ЗАПИСИ (АБИС)
Тип экземпляра АБИС Книга
980 ## - КОЛЛЕКЦИЯ
Название коллекции Национальная библиография
Экземпляры
Тип экземпляра Дата поступления Библиотека постоянного хранения Библиотека текущего хранения Место хранения Шифр хранения Штрих-код Статус экземпляра
Книга 26.10.2013 РНБ (Московский) РНБ (Московский) Русский книжный фонд: издания с 1957 года 96-4/9069 5394520-10